|
|
|
|
| LEADER |
02470pam a2200493 a 4500 |
| 001 |
AALProQuestebook000029 |
| 003 |
BD-DhAAL |
| 005 |
20230823140816.0 |
| 006 |
m\\\\\o\\d\|\\\\\\ |
| 007 |
cr\cn||||||||| |
| 008 |
230823t2010 ctu ob 001 0 eng d |
| 010 |
|
|
|a 2010011905
|
| 015 |
|
|
|a GBB066962
|2 bnb
|
| 016 |
7 |
|
|a 015566046
|2 Uk
|
| 020 |
|
|
|a 9780300161328 (electronic bk.)
|
| 020 |
|
|
|a 9780300161182 (alk. paper)
|
| 020 |
|
|
|a 0300161182 (alk. paper)
|
| 035 |
|
|
|a (OCoLC)ocn601345910
|
| 040 |
|
|
|a DLC
|c DLC
|d YDX
|d BTCTA
|d UKM
|d YDXCP
|d HSA
|d CDX
|d JN4
|d RCJ
|d DLC
|d BD-DhAAL
|
| 050 |
0 |
0 |
|a HF5387
|b .G464 2010
|
| 082 |
0 |
0 |
|a 174
|2 23
|
| 100 |
1 |
|
|a Gentile, Mary C.
|9 55399
|
| 245 |
1 |
0 |
|a Giving voice to values
|h [electronic resource] :
|b how to speak your mind when you know what's right /
|c Mary C. Gentile.
|
| 260 |
|
|
|a New Haven [Conn.] :
|b Yale University Press,
|c c2010.
|
| 300 |
|
|
|a 1 online resource (xliv, 273 pages).
|
| 500 |
|
|
|a <strong>Off-Campus Access:</strong> Athens ID and Password Required
|
| 500 |
|
|
|a <strong>On-Campus Access:</strong> No User ID or Password Required
|
| 500 |
|
|
|a Access type: Perpetual access for unlimited users
|
| 504 |
|
|
|a Includes bibliographical references (pages 259-268) and index.
|
| 505 |
0 |
0 |
|t Giving voice to our values : the thought experiment --
|t Values : what they are and what they are not --
|t A tale of two stories : the power of choice --
|t It's only normal --
|t What am i working for? --
|t Playing to my strengths : self-knowledge, self-image, and alignment --
|t Finding my voice --
|t Reasons and rationalizations --
|t Putting it to work.
|
| 506 |
|
|
|a Electronic access restricted to authorized BRAC University faculty, staff and students
|
| 526 |
|
|
|a GenEd
|x Fahmida Rahman,
Senior Lecturer
|
| 538 |
|
|
|a Mode of access: Internet
|
| 541 |
|
|
|a ProQuest
|h USD 68.00
|
| 650 |
|
0 |
|a Business ethics.
|
| 650 |
|
0 |
|a Leadership.
|
| 650 |
|
0 |
|a Values.
|
| 655 |
|
|
|a Electronic books.
|
| 710 |
|
|
|a ProQuest (Firm)
|
| 852 |
|
|
|a Ayesha Abed Library
|
| 856 |
|
|
|z Full text available on ProQuest
|u https://ebookcentral.proquest.com/lib/bracu/detail.action?docID=3420959
|
| 942 |
|
|
|2 ddc
|c EBK
|
| 999 |
|
|
|c 46104
|d 46104
|
| 952 |
|
|
|0 0
|1 0
|2 ddc
|4 0
|6 174_000000000000000_GEN
|7 0
|9 74286
|a BRACUL
|b BRACUL
|d 2023-08-23
|e ProQuest
|g 7439.00
|l 0
|o 174 GEN
|r 2023-08-23
|t 1
|w 2023-08-23
|y EBK
|x As discussed with Acquisition team, according to invoice date (14.08.2023) of the eBook, converted USD 68.00 to BDT 7439.00.
|